000 01193nam0a22003011 4500
001 rc\4855213
005 20250613020717.0
021 _aRU
_b[65-100658]
035 _a(NLR Aleph) 008901190
090 _a8703951
_c8703951
100 _a20130426d1965 |||y0rusy50 ca
101 1 _arus
_ceng
102 _aRU
105 _aa z |||||
200 1 _aТуннель под миром
_eСборник англ.-амер. фантастики
_e[Пер. с англ.
_fСост. и ред. Е. Брандиса и др.
_gИл.: Е. Бачурин]
210 _aМосква
_cМир
_d1965
215 _a400 с.
_cил.
_d17
225 1 _aЗарубежная фантастика
327 0 _aРазделы: Люди и роботы. Что было бы, если...
464 0 _12001#$aЛюди и роботы$aЧто было бы, если...
_tЧто было бы, если...
608 _aНаучно-фантастические романы и рассказы (х. л.)
_2psbo
702 1 _aБрандис
_bЕ.
_4340
_4220
702 1 _aБачурин
_bЕ.
_4440
801 0 _aRU
_bNLR
_gpsbo
801 1 _aRU
_bELAR
_2rusmarc
852 _aNLR
_j66-2/90
942 _cBOOK
980 _aNB